[Event "Santa Cruz op 8th"]
[Site "Santa Cruz"]
[Date "2024.01.13"]
[Round "6"]
[White "Ramirez Espinoza, Percy Willy"]
[Black "Magne Alcoba, Yonatan Israel"]
[Result "1/2-1/2"]
[WhiteElo "1475"]
[BlackElo "1506"]
[PlyCount "62"]
[EventDate "2024.01.11"]
[EventType "swiss"]
[EventRounds "7"]
[EventCountry "BOL"]
[SourceTitle "CB04_2024"]
[SourceDate "2023.10.16"]
[SourceVersion "1"]
[SourceVersionDate "2023.10.16"]
[SourceQuality "1"]

1. e4 e5 2. Nf3 Nf6 3. Nxe5 d6 4. Nf3 Nxe4 5. Nc3 Nxc3 6. dxc3 Be7 7. Bd3 Be6 8. Be3 Nc6 9. Nd4 Nxd4 10. cxd4 0-0 11. h4 c5 12. d5 Bd7 13. Qh5 g6 14. Qh6 Bf6 15. 0-0-0 Bg7 16. Qf4 Qf6 17. Qxf6 Bxf6 18. Bf4 Be5 19. Bxe5 dxe5 20. h5 Kg7 21. Rde1 Rfe8 22. Re3 f5 23. hxg6 hxg6 24. Reh3 Rh8 25. Rxh8 Rxh8 26. Rxh8 Kxh8 27. c4 Kg7 28. Kd2 Kf6 29. a3 e4 30. Be2 Ke5 31. Ke3 f4+ 1/2-1/2

[Event "Santa Cruz op 5th"]
[Site "Santa Cruz"]
[Date "2023.02.18"]
[Round "6"]
[White "Alvarez Orellana, Isai Jeremi"]
[Black "Magne Alcoba, Yonatan Israel"]
[Result "1/2-1/2"]
[WhiteElo "1422"]
[BlackElo "1416"]
[PlyCount "69"]
[EventDate "2023.02.16"]
[EventType "swiss"]
[EventRounds "7"]
[EventCountry "BOL"]
[SourceTitle "CBM 212 Extra"]
[Source "ChessBase"]
[SourceDate "2023.03.31"]
[SourceVersion "1"]
[SourceVersionDate "2023.03.31"]
[SourceQuality "1"]

1. e4 e5 2. Nf3 Nf6 3. d4 Nxe4 4. Nxe5 d5 5. Bd3 Nd7 6. Nxd7 Bxd7 7. 0-0 Bd6 8. Re1 0-0 9. Bxe4 dxe4 10. Rxe4 Bf5 11. Re1 Qh4 12. g3 Qh3 13. Qf3 Rfe8 14. Bd2 Rxe1+ 15. Bxe1 Re8 16. Nd2 Bxc2 17. Qg2 Qxg2+ 18. Kxg2 Bb4 19. a3 Bxd2 20. Bxd2 Re2 21. Bc3 Be4+ 22. Kg1 f5 23. Re1 Rxe1+ 24. Bxe1 Kf7 25. Kf1 Bf3 26. Bc3 Ke6 27. Ke1 Kd5 28. Kd2 Ke4 29. a4 g5 30. b4 Bh5 31. b5 Bf7 32. Ke2 Bc4+ 33. Kd2 Kf3 34. Ke1 Kg2 35. Bd2 1/2-1/2

[Event "Santa Cruz op 5th"]
[Site "Santa Cruz"]
[Date "2023.02.18"]
[Round "5"]
[White "Magne Alcoba, Yonatan Israel"]
[Black "Amelunge Moreno, Oscar Alejandro"]
[Result "1-0"]
[WhiteElo "1416"]
[BlackElo "1103"]
[PlyCount "49"]
[EventDate "2023.02.16"]
[EventType "swiss"]
[EventRounds "7"]
[EventCountry "BOL"]
[SourceTitle "CBM 212 Extra"]
[Source "ChessBase"]
[SourceDate "2023.03.31"]
[SourceVersion "1"]
[SourceVersionDate "2023.03.31"]
[SourceQuality "1"]

1. d4 d5 2. Bf4 Nf6 3. e3 Nc6 4. Nf3 Bf5 5. c4 e6 6. a3 Bd6 7. Ne5 dxc4 8. Nc3 Ne4 9. Bxc4 Nxc3 10. bxc3 Nxe5 11. dxe5 Bc5 12. Qb3 b6 13. Bb5+ Kf8 14. 0-0 Qe7 15. Rfd1 Rd8 16. Rxd8+ Qxd8 17. Rd1 Qc8 18. Bg5 Be7 19. Bxe7+ Kxe7 20. Rd7+ Kf8 21. Qd1 g6 22. Rd8+ Qxd8 23. Qxd8+ Kg7 24. Qf6+ Kh6 25. Qxh8 1-0

[Event "Santa Cruz op 5th"]
[Site "Santa Cruz"]
[Date "2023.02.16"]
[Round "2"]
[White "Yucra Valdes, Diego Alonso"]
[Black "Magne Alcoba, Yonatan Israel"]
[Result "0-1"]
[WhiteElo "1503"]
[BlackElo "1416"]
[PlyCount "46"]
[EventDate "2023.02.16"]
[EventType "swiss"]
[EventRounds "7"]
[EventCountry "BOL"]
[SourceTitle "CBM 212 Extra"]
[Source "ChessBase"]
[SourceDate "2023.03.31"]
[SourceVersion "1"]
[SourceVersionDate "2023.03.31"]
[SourceQuality "1"]

1. d4 Nf6 2. Nf3 g6 3. Nc3 Bg7 4. e4 d6 5. Bf4 Nc6 6. Qd2 0-0 7. 0-0-0 a6 8. Bg5 b5 9. h4 b4 10. Bxf6 bxc3 11. Qxc3 Bxf6 12. Qxc6 Bd7 13. Qc3 Bg4 14. Qe3 Rb8 15. Be2 Bxf3 16. gxf3 c5 17. c3 Qa5 18. Kb1 cxd4 19. cxd4 Rb4 20. Rd3 Rfb8 21. b3 Ra4 22. Qd2 Rxb3+ 23. Ka1 Rxd3 0-1